书目信息 |
| 题名: |
网球
|
|
| 作者: | 许斌 , 郁庆定 , 韩明哲 主编 | |
| 分册: | ||
| 出版信息: | 北京 高等教育出版社 2005.09 |
|
| 页数: | 167页 | |
| 开本: | 23cm | |
| 丛书名: | ||
| 单 册: | ||
| 中图分类: | G845-43 | |
| 科图分类: | ||
| 主题词: | 网球运动--wang qiu yun dong--高等学校--教材 | |
| 电子资源: | ||
| ISBN: | 7-04-018351-X | |
| 000 | 01092nam0 2200301 450 | |
| 001 | 012006683036 | |
| 005 | 20060803152854.87 | |
| 010 | @a7-04-018351-X@dCNY15.80 | |
| 100 | @a20060803d2005 km y0chiy0120 ea | |
| 101 | 0 | @achi |
| 102 | @aCN@b110000 | |
| 105 | @aa a 000yy | |
| 106 | @ar | |
| 200 | 1 | @a网球@Awang qiu@f许斌, 郁庆定, 韩明哲主编@Fxu bin,yu qing ding,han ming zhe zhu bian |
| 210 | @a北京@c高等教育出版社@d2005.09 | |
| 215 | @a167页@c图@d23cm | |
| 300 | @a“高等教育百门精品课程教材建设计划”立项项目 | |
| 312 | @a英文题名取自封面 | |
| 320 | @a有书目 (第167页) | |
| 330 | @a本书内容包括体育与健康、网球活动与身体健康、网球活动与心理健康、网球活动与社会适应能力、网球运动的发展与演变、网球活动的基本技术、网球的基本战术、网球运动的竞赛与组织等。 | |
| 510 | 1 | @aPhysical education tennis@zeng |
| 606 | 0 | @a网球运动@Awang qiu yun dong@x高等学校@j教材 |
| 690 | @aG845-43@v4 | |
| 701 | 0 | @a许斌@Axu bin@4主编 |
| 701 | 0 | @a郁庆定@Ayu qing ding@4主编 |
| 701 | 0 | @a韩明哲@Ahan ming zhe@4主编 |
| 801 | 0 | @aCN@bQSSK@c20060803 |
| 905 | @b597368-70@dG845-43@eX855 | |
| 网球/许斌, 郁庆定, 韩明哲主编.-北京:高等教育出版社,2005.09 |
| 167页:图;23cm |
| “高等教育百门精品课程教材建设计划”立项项目 |
| ISBN 7-04-018351-X:CNY15.80 |
| 本书内容包括体育与健康、网球活动与身体健康、网球活动与心理健康、网球活动与社会适应能力、网球运动的发展与演变、网球活动的基本技术、网球的基本战术、网球运动的竞赛与组织等。 |
| ● |
| 相关链接 |
|
|
|
正题名:网球
索取号:G845-43/X855
 
预约/预借
| 序号 | 登录号 | 条形码 | 馆藏地/架位号 | 状态 | 备注 |
| 1 | 597368 | 205973687 | 体育教学部资料室/ [索取号:G845-43/X855] | 在馆 | |
| 2 | 597369 | 205973696 | 社科库409/409社科库 23排4列4层/ [索取号:G845-43/X855] | 在馆 | |
| 3 | 597370 | 205973703 | 社科库409/409社科库 23排4列4层/ [索取号:G845-43/X855] | 在馆 |